|
|
|
|
| LEADER |
00000nam0a2200000 4500 |
| 001 |
21013 |
| 005 |
20231101205409.0 |
| 010 |
|
|
|a 57155053305
|
| 035 |
|
|
|a (RuTPU)RU\TPU\book\21208
|
| 035 |
|
|
|a BOOK00021278
|
| 090 |
|
|
|a 21013
|
| 100 |
|
|
|a 20011209d1993 km y0rusy50 ca
|
| 101 |
1 |
|
|a rus
|c eng
|
| 102 |
|
|
|a RU
|
| 105 |
|
|
|a a z 000zy
|
| 200 |
1 |
|
|a Психология Я и защитные механизмы
|e пер. с англ.
|f А. Фрейд
|
| 210 |
|
|
|a Москва
|c Педагогика
|d 1993
|
| 215 |
|
|
|a 144 с.
|c ил.
|
| 606 |
|
|
|a Детская психология
|2 stltpush
|3 (RuTPU)RU\TPU\subj\9361
|9 36621
|
| 610 |
1 |
|
|a психология
|
| 610 |
1 |
|
|a психоанализ
|
| 610 |
1 |
|
|a дети
|
| 610 |
1 |
|
|a психологическая защита
|
| 686 |
|
|
|a Ю98
|v LBC/SL-A
|2 rubbk
|
| 700 |
|
1 |
|a Фрейд
|b А.
|c британский психоаналитик австрийского происхождения
|c дочь и преемница Зигмунда Фрейда
|f 1895-1982
|g Анна
|2 stltpush
|3 (RuTPU)RU\TPU\pers\1913
|9 742
|
| 801 |
|
0 |
|a RU
|b 63413507
|c 20011209
|g PSBO
|
| 801 |
|
2 |
|a RU
|b 63413507
|c 20220328
|g PSBO
|
| 900 |
|
|
|a Психология
|
| 942 |
|
|
|c BK
|